00916 2200241 4500001002100000005001500021035002000036007000300056008004100059020002200100082001000122084001600132100001700148245003500165250002600200260003100226300004700257650002000304700001600324700001200340520030600352990001600658INLIS00000000000003120220514094058 a0010-0522000013ta220514 b 0 ind  a978-602-298-960-8 a372.2 a372.2 IRE k0 aIrene M.J.A.1 aKegemaranku 1b /cIrene M.J.A. aKurikulum 2013 Revisi aJakarta :bErlangga,c2016 a120 halaman :bilustrasi berwarna ;c26 cm 4aTematik Terpadu0 aDwi Tyas U.0 aWini K. aBelajar merupakan kegiatan yang menyenangkan. Pengetahuanmu akan bertambah, keterampilanmu akan berkembang, dan sikapmu akn terbentuk dengan belajar. Melalui sumber belajar TEMATIK TERPADU yang disusun berdasarkan Kurikulum 2013 Revisi, kamu diajak untuk mengikuti proses pembelajaran tematik terpadu. a00000000029